Antiquities of Indi : (Record no. 234968)
[ view plain ]
| 000 -LEADER | |
|---|---|
| fixed length control field | nam a22 7a 4500 |
| 003 - CONTROL NUMBER IDENTIFIER | |
| control field | Nust |
| 005 - DATE AND TIME OF LATEST TRANSACTION | |
| control field | 20170403175052.0 |
| 008 - FIXED-LENGTH DATA ELEMENTS--GENERAL INFORMATION | |
| fixed length control field | 170403b xxu||||| |||| 00| 0 eng d |
| 020 ## - INTERNATIONAL STANDARD BOOK NUMBER | |
| International Standard Book Number | 81-206-0530-6 |
| 040 ## - CATALOGING SOURCE | |
| Transcribing agency | DLC |
| 082 ## - DEWEY DECIMAL CLASSIFICATION NUMBER | |
| Classification number | 954 |
| Author Mark | BAR |
| 245 ## - TITLE STATEMENT | |
| Title | Antiquities of Indi : |
| Remainder of title | An account of the history and culture of ancient Hindustan |
| 260 ## - PUBLICATION, DISTRIBUTION, ETC. | |
| Place of publication, distribution, etc. | London |
| Name of publisher, distributor, etc. | J.Jetley |
| Date of publication, distribution, etc. | 1994 |
| 300 ## - PHYSICAL DESCRIPTION | |
| Extent | xvi-, 306p. : |
| Dimensions | 23cm |
| 942 ## - ADDED ENTRY ELEMENTS (KOHA) | |
| Source of classification or shelving scheme | |
| Koha item type | Book |
| Withdrawn status | Lost status | Source of classification or shelving scheme | Damaged status | Not for loan | Permanent Location | Current Location | Date acquired | Total Checkouts | Full call number | Barcode | Date last seen | Price effective from | Koha item type |
|---|---|---|---|---|---|---|---|---|---|---|---|---|---|
| School of Civil and Environmental Engineering (SCEE) | School of Civil and Environmental Engineering (SCEE) | 04/03/2017 | 954 BAR | NIT-9033 | 04/03/2017 | 04/03/2017 | Book |
